000 01161aam a2200361 i 4500
999 _c141949
_d141949
001 vtls000846687
003 PNM
005 20180728150029.0
007 fb u un a
008 180208s2015 a ff 000 0 may d
020 _qpaperback
039 9 _a201803210821
_bmarsila
_c201803071158
_dmarsila
_c201803070757
_dfaezah
_c201803060830
_dfaezah
040 _aPNM
_beng
_cPNM
_erda
_dPPAK
082 0 4 _a513.076
_223
090 0 0 _a513.076
_bCHA
_dRKOKU
100 1 _aChan, Yook Lean,
_eauthor.
245 1 0 _aMATEMATIK.
_nTAHUN 6.
_nJILID 1-9 /
_cChan Yook Lean, Marzita Puteh
250 _aEDISI 2015
264 1 _aKuala Lumpur :
_b[KL Braille Resources],
_c[2015?]
300 _a9 volumes :
_billustrations ;
_c29 cm
336 _atactile text
_2rdacontent
337 _aunmediated
_2rdamedia
338 _avolume
_2rdacarrier
500 _aThe book has been place it at OKU ROOM PPAK Alor Setar
500 _aYear 6
500 _aPrimary school
546 _aMalay
_bbraille
650 1 0 _aArithmetic
_vProblems, exercises, etc.
650 2 0 _aArithmetic
_vTextbooks
650 2 0 _aBraille books
700 0 _aMarzita Puteh,
_eauthor.
942 _2ddc
_cB